000 01019nam a22003017a 4500
001 9624
003 FISKH
005 20260126135840.0
008 260126b cb ||||| |||| 00| 0 eng d
020 _a9780007117307
040 _aFISKH
_beng
_cFISKH
_dFISKH
050 _a PZ7 .L58474 .C
082 _a823.087661
100 _aLewis , C.S .
245 _aThe Chronicles of Narnia /
_cBy C.S. Lewis With illustratios by Pauline Baynes
260 _aLondon :
_bHarpercollins Publishers ,
_c1950 .
300 _a766 pages :
_billustrations ;
_c23 cm .
490 _aThe Chronicles of Narnia: Publication order
_v(Collections and Selections — 1-7)
505 _aZ
520 _aAslan, the noble lion, and the royal leaders of Narnia struggle against the magical forces of evil.
521 8 _a970
_bLexile
521 8 _aZ
_bRaz-Plus
650 _aFantasy
_vFiction
650 _aYoung adult
_vFiction
700 _aBaynes , Pauline
_eIllustrator
942 _2ddc
_cBK
_n0
999 _c9624
_d9624